000 00847nam a2200253Ia 4500
003 OSt
005 20220923215556.0
006 a|||||r|||| 00| 0
007 ta
008 220922b |||||||| |||| 00| 0 hin d
024 _a179,959
037 _cTextual
040 _aARTS
_cARTS
_bhin
041 _2hin
_ahin
082 _aO152,11J32,18:g, L6
100 _aराजूकर, भ0 ह0
245 0 _aकवितावली
_b सन्दर्भ और सन्दर्भ
246 _aKavitāvalī: sandarbha aur sandarbha
260 _aकानपुर
_b ग्रंथम प्रकाशन
_c1976
300 _a55 पृ.
_ccm.
650 _aहिन्दी साहित्य
_9156264
942 _hO152,11J32,18:g, L6
_cTEXL
_2CC
999 _c333340
_d333340